000 00617cam a22002173a 4500
001 37062
003 PGUSA
005 20140828083819.0
008 110813s2011||||xxu|||||s|||||000 | eng d
040 _aPGUSA
_beng
042 _adc
100 1 _aHornung, E. W.
_q(Ernest William),
_d1866-1921
245 1 4 _aThe Thousandth Woman
_h[electronic resource] /
_cE. W. Hornung
260 _bProject Gutenberg,
_c2011
506 _aPublic domain in the USA.
516 _aElectronic text
700 1 _aSnapp, Frank
830 0 _aProject Gutenberg
_v37062
856 4 0 _uhttp://www.gutenberg.org/ebooks/37062
942 _cEB
999 _c266317
_d266317